书目信息 |
| 书名: | Being and nothingness | |
| 作者: | Translated and with an introd. by Hazel E. Barnes. | |
| 分册号: | ||
| 分册名: | 出版地: | New York : |
|
| 出版社: | Washington Square Press | |
| 出版时间: | [1966, c1956]. | |
| 页数: | lii, 811 p. ; | |
| 开本: | 18 cm. | |
| 丛书名: | ||
| 中图分类号: | ||
| 科图分类号: | ||
| 其他分类号: | B086 | |
| 主题词: | ||
| 电子资源: | ||
| 000 | 00756cam a2200253I 4500 | |
| 001 | E0733322750 | |
| 003 | CAL | |
| 005 | 20070711092020.84 | |
| 008 | 840419t19661956nyu 001 0 eng d | |
| 020 | @a0671496069. | |
| 040 | @aCLU@cCLU@dOCL@dFDU | |
| 041 | 1 | @aeng@afre |
| 050 | 00 | @aB819@bS2etE, 1966b |
| 090 | @aB086 | |
| 093 | @aB086@24 | |
| 099 | @dB086@ex11 | |
| 100 | 1 | @aSartre, Jean Paul,@d1905- |
| 245 | 10 | @aBeing and nothingness :@ba phenomenological essay on ontology / @cTranslated and with an introd. by Hazel E. Barnes. |
| 260 | @aNew York :@bWashington Square Press,@c[1966, c1956]. | |
| 300 | @alii, 811 p. ;@c18 cm. | |
| 500 | @aTranslation of L'鉫tre et le n鈋ant. | |
| 650 | 0 | @aExistentialism. |
| 920 | @a231010@z2 | |
| 998 | @aFDU | |
| Being and nothingness : : a phenomenological essay on ontology / / Translated and with an introd. by Hazel E. Barnes.-New York : : Washington Square Press, , [1966, c1956]. |
| lii, 811 p. ; ; 18 cm. |
| Translation of L'鉫tre et le n鈋ant. |
| ISBN 0671496069. |
| ● |
| 相关链接 |
|
|
|
|
正题名:Being and nothingness
索取号:B086/x11
 
预约/预借
| 序号 | 登录号 | 条形码 | 馆藏地/架位号 | 状态 | 备注 |
| 1 | 0011905 | 300119057 | 第二样本阅览室/ [索取号:B086/x11] | 在馆 |